000 00473nam a2200181Ia 4500
005 20250210002303.0
008 240331s9999 xx 000 0 und d
020 _a0415015197
082 _bBAM
_23630
_a305.401
100 _aBammer, A
245 0 _aPartial Visions:
_bFeminism and Utopianism in the 1970s
260 _aNew York;
_aLondon
_bRoutledge
_c1991
300 _a198 p.,
650 _aFeminism
650 _aUtopianism
650 _aFeminist Politics
942 _cL
999 _c1743
_d1743